[Event "XI GRAN TORNEO INTERNACIONAL AFICIONADOS"]
[Site "Benidorm (Alicante - SPAIN)"]
[Date "2012.12.06"]
[Round "8"]
[White "Belinchon Calleja, David"]
[Black "Cantero, Antonio"]
[Result "0-1"]
[WhiteElo "1996"]
[BlackElo "2251"]
[PlyCount "114"]
[EventDate "2012.11.30"]
[EventRounds "10"]
[EventCountry "ESP"]

1. e4 e5 2. Nf3 Nc6 3. d4 exd4 4. Nxd4 Nf6 5. Nc3 Bb4 6. Nxc6 bxc6 7. Bd3 d5 8.
exd5 cxd5 9. O-O O-O 10. Bg5 c6 11. Qf3 Be7 12. Rfe1 Re8 13. h3 h6 14. Bf4 Bd6
15. Rxe8+ Nxe8 16. Re1 Be6 17. Qg3 c5 18. Bxd6 Nxd6 19. Rd1 Qb6 20. b3 Rd8 21.
Na4 Qc6 22. Qe3 d4 23. Qe5 Bd5 24. Bf1 Re8 25. Qh2 Ne4 26. Bd3 Ng5 27. Bf1 Bf3
28. Rc1 Be4 29. Qg3 Bd5 30. Bd3 c4 31. Bf1 Ne4 32. Qf3 Nd2 33. Qd1 c3 34. Qg4
Re4 35. Qg3 Nxf1 36. Kxf1 Re8 37. Rd1 Be4 38. Rxd4 Bxg2+ 39. Qxg2 Re1+ 40. Kxe1
Qxg2 41. Rd3 Qe4+ 42. Kf1 Qh1+ 43. Ke2 Qe4+ 44. Kf1 Qh1+ 45. Ke2 Qb1 46. Rxc3
Qxa2 47. Kd2 Qa3 48. Rd3 Qb4+ 49. Nc3 g5 50. Ke2 f5 51. Nd5 Qe4+ 52. Kd2 Kf7
53. c4 f4 54. c5 Qe5 55. Kc2 Qe2+ 56. Rd2 Qb5 57. b4 a5 0-1

[Event "XI GRAN TORNEO INTERNACIONAL AFICIONADOS"]
[Site "Benidorm (Alicante - SPAIN)"]
[Date "2012.12.06"]
[Round "8"]
[White "Tscharotschkin, Michael"]
[Black "Cruz Lledo, Pablo"]
[Result "0-1"]
[WhiteElo "2219"]
[BlackElo "2281"]
[PlyCount "52"]
[EventDate "2012.11.30"]
[EventRounds "10"]
[EventCountry "ESP"]

1. c4 c6 2. e4 d5 3. exd5 cxd5 4. cxd5 Nf6 5. Nc3 Nxd5 6. Bb5+ Bd7 7. Qb3 Nf4
8. d4 Nxg2+ 9. Kf1 Nh4 10. Bg5 Nf5 11. Nf3 Qb6 12. Bxd7+ Nxd7 13. Nd5 Qxb3 14.
axb3 Kd8 15. Bf4 e6 16. Ng5 Nh6 17. Nc7 Rc8 18. Rxa7 Rxc7 19. Bxc7+ Kxc7 20.
Ra8 Nb6 21. Re8 Nc8 22. Nxh7 Rxh7 23. Rxf8 Nd6 24. Kg2 Nhf5 25. Re1 Kd7 26. f4
Rh4 0-1

[Event "XI GRAN TORNEO INTERNACIONAL AFICIONADOS"]
[Site "Benidorm (Alicante - SPAIN)"]
[Date "2012.12.06"]
[Round "8"]
[White "Simon Padros, Emili"]
[Black "Ibarra Jerez, Juan Miguel"]
[Result "0-1"]
[WhiteElo "2214"]
[BlackElo "2278"]
[PlyCount "78"]
[EventDate "2012.11.30"]
[EventRounds "10"]
[EventCountry "ESP"]

1. e4 c5 2. d3 b6 3. f4 Bb7 4. Nf3 e6 5. c3 d5 6. e5 h5 7. d4 Nh6 8. Be3 Qd7 9.
Bd3 Ba6 10. Bxa6 Nxa6 11. O-O Nf5 12. Bf2 Be7 13. Na3 cxd4 14. Nxd4 Nxd4 15.
cxd4 Nb4 16. Nb1 Nc6 17. Nc3 O-O-O 18. Rc1 Kb7 19. Qf3 g6 20. Qd3 Rc8 21. Qb5
Rc7 22. Qe2 Na5 23. Nb5 Rcc8 24. Rxc8 Rxc8 25. Be1 Nc4 26. Nc3 a6 27. h3 b5 28.
g4 hxg4 29. hxg4 Bd8 30. b3 Na5 31. Qd3 Bb6 32. Bf2 Rc7 33. Ne2 Qc8 34. Kg2 Rc2
35. Be1 Rxa2 36. Bxa5 Bxa5 37. Rh1 Rd2 38. Qf3 Qc2 39. Rc1 Qxc1 0-1

[Event "XI GRAN TORNEO INTERNACIONAL AFICIONADOS"]
[Site "Benidorm (Alicante - SPAIN)"]
[Date "2012.12.06"]
[Round "8"]
[White "Diaz Velandia, Jose Manuel"]
[Black "Bendayan Claros, Aaron"]
[Result "1-0"]
[WhiteElo "2261"]
[BlackElo "2223"]
[PlyCount "53"]
[EventDate "2012.11.30"]
[EventRounds "10"]
[EventCountry "ESP"]

1. d4 d5 2. Nf3 Nf6 3. e3 c5 4. c3 e6 5. Bd3 Be7 6. O-O Nbd7 7. Nbd2 O-O 8. Qe2
b6 9. Ne5 Bb7 10. f4 Ne4 11. Bb5 Ndf6 12. Rf3 Nxd2 13. Bxd2 Ne4 14. Rh3 f6 15.
Qh5 fxe5 16. Qxh7+ Kf7 17. fxe5 Nxd2 18. Rf1+ Nxf1 19. Rf3+ Bf6 20. Rxf6+ Qxf6
21. exf6 Kxf6 22. Qh4+ Kf7 23. Bxf1 c4 24. Be2 Rae8 25. Bd1 Kg8 26. Bh5 Bc6 27.
Bg6 1-0

[Event "XI GRAN TORNEO INTERNACIONAL AFICIONADOS"]
[Site "Benidorm (Alicante - SPAIN)"]
[Date "2012.12.06"]
[Round "8"]
[White "Scharrer, Patrick"]
[Black "Sos Andreu, Eric"]
[Result "1-0"]
[WhiteElo "2256"]
[BlackElo "2144"]
[PlyCount "57"]
[EventDate "2012.11.30"]
[EventRounds "10"]
[EventCountry "ESP"]

1. e4 c5 2. Nf3 Nc6 3. Bb5 g6 4. O-O Bg7 5. c3 Nf6 6. Qa4 O-O 7. d4 b6 8. dxc5
Bb7 9. cxb6 axb6 10. Qc2 Ra5 11. Na3 Qa8 12. Bd3 Rc5 13. Qe2 Ne5 14. Nxe5 Rxe5
15. Nc4 Re6 16. Be3 Nxe4 17. Nxb6 Qa5 18. f3 Rxb6 19. Bxe4 Bxe4 20. fxe4 Re6
21. Qd3 Qa8 22. a4 Rxe4 23. a5 Be5 24. a6 Rb8 25. Rf2 Rh4 26. h3 Bg3 27. Rd2 f5
28. a7 Rd8 29. Qd5+ 1-0

[Event "XI GRAN TORNEO INTERNACIONAL AFICIONADOS"]
[Site "Benidorm (Alicante - SPAIN)"]
[Date "2012.12.06"]
[Round "8"]
[White "Vilanova Corbi, Jorge"]
[Black "Lloret Ramis, Juan Jose"]
[Result "1/2-1/2"]
[WhiteElo "2115"]
[BlackElo "2285"]
[PlyCount "73"]
[EventDate "2012.11.30"]
[EventRounds "10"]
[EventCountry "ESP"]

1. d4 Nf6 2. c4 e6 3. Nc3 Bb4 4. Qc2 c5 5. dxc5 Na6 6. Nf3 Nxc5 7. Bd2 b6 8. e3
Bb7 9. Be2 O-O 10. a3 Bxc3 11. Bxc3 d5 12. Ng5 Nfe4 13. Nxe4 Nxe4 14. Bb4 Qf6
15. Bd3 Rfc8 16. Bxe4 dxe4 17. O-O a5 18. Bc3 e5 19. b3 a4 20. Qb2 axb3 21.
Bxe5 Qe6 22. Bxg7 Rxc4 23. Bh8 Qg6 24. Qxb3 Rac8 25. Be5 Ba6 26. Rfd1 R4c6 27.
Qb2 Bd3 28. Rac1 Qh5 29. Bg3 Rc2 30. Qa1 Qe2 31. Rxc2 Rxc2 32. Re1 Qd2 33. Qd1
Qxd1 34. Rxd1 Ra2 35. Bd6 f5 36. h3 Kf7 37. Bb4 1/2-1/2

[Event "XI GRAN TORNEO INTERNACIONAL AFICIONADOS"]
[Site "Benidorm (Alicante - SPAIN)"]
[Date "2012.12.06"]
[Round "8"]
[White "Hristodorescu, Daniel"]
[Black "Megias Ortiz, Vicente Manuel"]
[Result "1-0"]
[WhiteElo "2223"]
[BlackElo "2081"]
[PlyCount "36"]
[EventDate "2012.11.30"]
[EventRounds "10"]
[EventCountry "ESP"]

1. e4 e6 2. d4 d5 3. Nc3 dxe4 4. Nxe4 Nf6 5. Nxf6+ Qxf6 6. Nf3 h6 7. g3 Bd6 8.
Bg2 Nd7 9. O-O O-O 10. c4 c6 11. b3 Qe7 12. Qe2 Re8 13. Ne5 Nxe5 14. dxe5 Bc5
15. Qg4 f5 16. exf6 Qxf6 17. Qh5 Rf8 18. Qxc5 Qxa1 1-0

[Event "XI GRAN TORNEO INTERNACIONAL AFICIONADOS"]
[Site "Benidorm (Alicante - SPAIN)"]
[Date "2012.12.06"]
[Round "8"]
[White "Acebal Muniz, Antonio"]
[Black "Plaza Agudo, Juan Francisco"]
[Result "1/2-1/2"]
[WhiteElo "2160"]
[BlackElo "2003"]
[PlyCount "31"]
[EventDate "2012.11.30"]
[EventRounds "10"]
[EventCountry "ESP"]

1. Nf3 b6 2. c4 Bb7 3. d4 Nf6 4. g3 e6 5. Bg2 Be7 6. O-O O-O 7. Nc3 d6 8. Qc2
Nbd7 9. Rd1 a6 10. b3 c5 11. Bb2 Qc7 12. Rac1 Rfd8 13. e4 cxd4 14. Nxd4 Ne8 15.
Qe2 Rac8 16. Nc2 1/2-1/2

[Event "XI GRAN TORNEO INTERNACIONAL AFICIONADOS"]
[Site "Benidorm (Alicante - SPAIN)"]
[Date "2012.12.06"]
[Round "8"]
[White "Johansen, Stian"]
[Black "Tejero Royo, Fermin"]
[Result "0-1"]
[WhiteElo "2018"]
[BlackElo "2133"]
[PlyCount "48"]
[EventDate "2012.11.30"]
[EventRounds "10"]
[EventCountry "ESP"]

1. e4 e5 2. Nf3 Nc6 3. Bb5 a6 4. Ba4 d6 5. d4 Bd7 6. c3 Nf6 7. Bg5 h6 8. Bxf6
Qxf6 9. d5 Nb8 10. Bc2 g5 11. h3 g4 12. hxg4 Bxg4 13. Nbd2 Nd7 14. Qe2 h5 15.
Qc4 O-O-O 16. Ng1 Bh6 17. Nf1 Rdg8 18. f3 Nb6 19. Qe2 Bd7 20. a4 h4 21. Qf2 Qg6
22. a5 Qxg2 23. axb6 Qxh1 24. bxc7 Qxg1 0-1

[Event "XI GRAN TORNEO INTERNACIONAL AFICIONADOS"]
[Site "Benidorm (Alicante - SPAIN)"]
[Date "2012.12.06"]
[Round "8"]
[White "Porfireanu, Serban"]
[Black "Shen, Yue"]
[Result "0-1"]
[WhiteElo "1902"]
[BlackElo "2137"]
[PlyCount "50"]
[EventDate "2012.11.30"]
[EventRounds "10"]
[EventCountry "ESP"]

1. Nf3 Nf6 2. d4 e6 3. c4 b6 4. g3 Bb7 5. Bg2 Be7 6. O-O O-O 7. Nc3 Ne4 8. Qc2
Nxc3 9. Qxc3 c5 10. dxc5 bxc5 11. Bf4 Nc6 12. Rfd1 Bf6 13. Qd2 Qb6 14. Rab1
Rad8 15. e4 e5 16. Bg5 Bxg5 17. Qxg5 f6 18. Qe3 d6 19. a3 a5 20. Rd3 Ba6 21.
Qc1 a4 22. Bf1 Qc7 23. Bh3 Kf7 24. g4 Nd4 25. g5 Ne2+ 0-1

[Event "XI GRAN TORNEO INTERNACIONAL AFICIONADOS"]
[Site "Benidorm (Alicante - SPAIN)"]
[Date "2012.12.06"]
[Round "8"]
[White "Sanchez Barbado, Carlos"]
[Black "Soler Giner, Salvador"]
[Result "1/2-1/2"]
[WhiteElo "2132"]
[BlackElo "2046"]
[PlyCount "31"]
[EventDate "2012.11.30"]
[EventRounds "10"]
[EventCountry "ESP"]

1. c4 e5 2. Nc3 Nf6 3. g3 Nc6 4. Bg2 Bb4 5. a3 Bxc3 6. dxc3 d6 7. e4 Be6 8. b3
O-O 9. Ne2 Qd7 10. O-O Bh3 11. f3 Bxg2 12. Kxg2 Qe6 13. Be3 a5 14. a4 b6 15.
Qd2 Ne7 16. Rf2 1/2-1/2

[Event "XI GRAN TORNEO INTERNACIONAL AFICIONADOS"]
[Site "Benidorm (Alicante - SPAIN)"]
[Date "2012.12.06"]
[Round "8"]
[White "Rygg, Snorre"]
[Black "Landa Monux, Josu"]
[Result "0-1"]
[WhiteElo "1823"]
[BlackElo "2066"]
[PlyCount "46"]
[EventDate "2012.11.30"]
[EventRounds "10"]
[EventCountry "ESP"]

1. e4 c5 2. Nf3 d6 3. d4 cxd4 4. Nxd4 Nf6 5. Nc3 a6 6. f3 e5 7. Nb3 Be6 8. Be3
Nbd7 9. Be2 b5 10. O-O Be7 11. Qd2 O-O 12. Rfd1 Qc7 13. Rac1 Nb6 14. Na5 d5 15.
exd5 Nbxd5 16. Nxd5 Nxd5 17. Nb3 h6 18. c4 Nxe3 19. Qxe3 Bg5 20. Qc5 Qxc5+ 21.
Nxc5 Be3+ 22. Kf1 Bxc5 23. cxb5 Be3 0-1

[Event "XI GRAN TORNEO INTERNACIONAL AFICIONADOS"]
[Site "Benidorm (Alicante - SPAIN)"]
[Date "2012.12.06"]
[Round "8"]
[White "Gromovs, Sergejs"]
[Black "Romero Calduch, Sergio"]
[Result "0-1"]
[WhiteElo "2215"]
[BlackElo "2024"]
[PlyCount "40"]
[EventDate "2012.11.30"]
[EventRounds "10"]
[EventCountry "ESP"]

1. e4 e6 2. Bb5 Qg5 3. Bf1 d5 4. Nf3 Qg6 5. e5 Qe4+ 6. Be2 c5 7. O-O Nc6 8. Re1
Bd7 9. d4 Nxd4 10. Nc3 Nxe2+ 11. Qxe2 Qxe2 12. Nxe2 Ne7 13. Kh1 Nc6 14. Ng3 Be7
15. Bg5 h6 16. Bxe7 Kxe7 17. c3 b5 18. a4 a6 19. axb5 axb5 20. Rxa8 Rxa8 0-1

[Event "XI GRAN TORNEO INTERNACIONAL AFICIONADOS"]
[Site "Benidorm (Alicante - SPAIN)"]
[Date "2012.12.06"]
[Round "8"]
[White "Paya Prats, Damian"]
[Black "Varga, Mariano"]
[Result "1/2-1/2"]
[WhiteElo "2012"]
[BlackElo "2126"]
[PlyCount "57"]
[EventDate "2012.11.30"]
[EventRounds "10"]
[EventCountry "ESP"]

1. d4 Nf6 2. c4 e6 3. Nf3 b6 4. a3 Ba6 5. b3 c5 6. d5 exd5 7. cxd5 g6 8. Bb2
Bg7 9. Nc3 O-O 10. Qd2 Re8 11. g3 b5 12. b4 cxb4 13. axb4 Bb7 14. Nxb5 Bxd5 15.
Nbd4 Ne4 16. Qd1 Qb6 17. b5 a6 18. Bg2 axb5 19. Rxa8 Bxa8 20. O-O Nc6 21. Qd3
Na5 22. Rb1 Bc6 23. Ba3 Nxf2 24. Kxf2 Be4 25. Rxb5 Qa6 26. Rb8 Bxd4+ 27. Qxd4
Rxb8 28. Qxe4 Qe6 29. Qxe6 1/2-1/2

[Event "XI GRAN TORNEO INTERNACIONAL AFICIONADOS"]
[Site "Benidorm (Alicante - SPAIN)"]
[Date "2012.12.07"]
[Round "9"]
[White "Ballesteros Gonzalez, David"]
[Black "Martin Rueda, Daniel"]
[Result "1/2-1/2"]
[WhiteElo "2215"]
[BlackElo "2290"]
[PlyCount "61"]
[EventDate "2012.11.30"]
[EventRounds "10"]
[EventCountry "ESP"]

1. d4 d5 2. Nf3 Nf6 3. Bf4 c5 4. dxc5 Qa5+ 5. Nbd2 Qxc5 6. e3 Nc6 7. Nb3 Qb6 8.
a4 e6 9. Be2 Be7 10. O-O O-O 11. Ne5 Nxe5 12. Bxe5 Nd7 13. Bd4 Qc7 14. Bc3 Rd8
15. Bd3 Bf6 16. Nd4 a6 17. f4 Nc5 18. Qf3 b6 19. g4 Ne4 20. Bxe4 dxe4 21. Qg2
Bb7 22. Rad1 Rac8 23. g5 Bxd4 24. Bxd4 Qxc2 25. Qxc2 Rxc2 26. Bxb6 Rd3 27. b4
Bc6 28. a5 Bb5 29. Rc1 Rdd2 30. Rxc2 Rxc2 31. Rf2 1/2-1/2

[Event "XI GRAN TORNEO INTERNACIONAL AFICIONADOS"]
[Site "Benidorm (Alicante - SPAIN)"]
[Date "2012.12.07"]
[Round "9"]
[White "Tejedor Fuentes, Enrique"]
[Black "Bas Mas, Jose Joaquin"]
[Result "1-0"]
[WhiteElo "2297"]
[BlackElo "2218"]
[PlyCount "61"]
[EventDate "2012.11.30"]
[EventRounds "10"]
[EventCountry "ESP"]

1. d4 Nf6 2. Nf3 e6 3. c4 d5 4. Nc3 Be7 5. e3 O-O 6. Bd3 b6 7. O-O Bb7 8. b3
Nbd7 9. Bb2 Ne4 10. Qe2 f5 11. Rac1 a6 12. a3 Bd6 13. b4 c5 14. dxc5 bxc5 15.
cxd5 exd5 16. bxc5 Ndxc5 17. Bb1 Qe7 18. Ba2 Nxc3 19. Bxc3 Ne4 20. Bb4 Bxb4 21.
axb4 Qxb4 22. Rb1 Qe7 23. Qd3 Rfd8 24. Nd4 g6 25. Rb6 Rd6 26. Qa3 Qc7 27. Rxb7
Qxb7 28. f3 Qd7 29. fxe4 fxe4 30. Nb5 Rb6 31. Nc7 1-0

[Event "XI GRAN TORNEO INTERNACIONAL AFICIONADOS"]
[Site "Benidorm (Alicante - SPAIN)"]
[Date "2012.12.07"]
[Round "9"]
[White "Ustianovich, Nazar"]
[Black "Villasenor Rubio, Emilio Jose"]
[Result "1-0"]
[WhiteElo "2264"]
[BlackElo "2217"]
[PlyCount "97"]
[EventDate "2012.11.30"]
[EventRounds "10"]
[EventCountry "ESP"]

1. Nf3 Nf6 2. c4 g6 3. Nc3 Bg7 4. e4 d6 5. d4 O-O 6. h3 e5 7. d5 a5 8. Bg5 Qe8
9. Nd2 Nh5 10. c5 dxc5 11. d6 cxd6 12. Nc4 Be6 13. Nb6 Ra7 14. Nb5 Ra6 15. Nxd6
Qc6 16. Bxa6 Qxb6 17. Bc4 Bxc4 18. Nxc4 Qb4+ 19. Nd2 Nc6 20. Qb3 Nd4 21. Qxb4
axb4 22. O-O-O b5 23. Kb1 Rc8 24. Nf3 c4 25. Ne1 Nf6 26. Bxf6 Bxf6 27. Nc2 c3
28. Nxb4 cxb2 29. Kxb2 Rc4 30. Nd3 Ne6 31. f3 Bg5 32. Kb1 Be3 33. Rhe1 Bg5 34.
Re2 Nd4 35. Rb2 f6 36. Nb4 Kg7 37. Nd5 Kh6 38. h4 Bf4 39. Nxf6 b4 40. Nd5 Nb5
41. Rxb4 Rxb4+ 42. Nxb4 Nc3+ 43. Kc2 Nxd1 44. Kxd1 Kh5 45. Nd3 Bh2 46. a4 Kxh4
47. Ke2 Kg5 48. a5 Bg1 49. Nf2 1-0

[Event "XI GRAN TORNEO INTERNACIONAL AFICIONADOS"]
[Site "Benidorm (Alicante - SPAIN)"]
[Date "2012.12.07"]
[Round "9"]
[White "Mingarro Carceller, Sergi"]
[Black "Parligras, Cosmin"]
[Result "1/2-1/2"]
[WhiteElo "2189"]
[BlackElo "2298"]
[PlyCount "36"]
[EventDate "2012.11.30"]
[EventRounds "10"]
[EventCountry "ESP"]

1. d4 Nf6 2. c4 e6 3. Nc3 d5 4. cxd5 exd5 5. Bg5 Be7 6. e3 Nbd7 7. Qc2 Nf8 8.
Bd3 Ne6 9. Bh4 g6 10. Nge2 O-O 11. O-O c6 12. Rab1 a5 13. a3 b6 14. b4 Bb7 15.
Qb2 Nd7 16. Bg3 f5 17. f3 Bh4 18. Bd6 Be7 1/2-1/2

[Event "XI GRAN TORNEO INTERNACIONAL AFICIONADOS"]
[Site "Benidorm (Alicante - SPAIN)"]
[Date "2012.12.07"]
[Round "9"]
[White "Cantero, Antonio"]
[Black "Santagati, Alessandro"]
[Result "1/2-1/2"]
[WhiteElo "2251"]
[BlackElo "2210"]
[PlyCount "84"]
[EventDate "2012.11.30"]
[EventRounds "10"]
[EventCountry "ESP"]

1. e4 c5 2. Nf3 e6 3. d4 cxd4 4. Nxd4 a6 5. g3 d5 6. e5 Nc6 7. Nxc6 bxc6 8. Bd3
Bb7 9. O-O Qc7 10. c4 Ne7 11. Qe2 Ng6 12. Re1 Bc5 13. Nd2 O-O 14. Nb3 Ba7 15.
c5 Bb8 16. f4 a5 17. a4 Qc8 18. Bd2 Bc7 19. Rac1 Ba6 20. Bxa6 Qxa6 21. Qxa6
Rxa6 22. Rc2 Rb8 23. Nd4 Ne7 24. g4 Ng6 25. Kf2 Kf8 26. Kf3 Ke7 27. Kg3 Kd7 28.
h4 h5 29. gxh5 Ne7 30. Kg4 Rh8 31. Rc3 Raa8 32. Rf3 g6 33. hxg6 Nxg6 34. Rh3
Rag8 35. Kf3 Nxh4+ 36. Ke2 Nf5 37. Rxh8 Nxd4+ 38. Kd3 Rxh8 39. Kxd4 Rh2 40. Kd3
Rh3+ 41. Re3 Rh4 42. Rg3 Rh8 1/2-1/2

[Event "XI GRAN TORNEO INTERNACIONAL AFICIONADOS"]
[Site "Benidorm (Alicante - SPAIN)"]
[Date "2012.12.07"]
[Round "9"]
[White "Suarez Uriel, Adrian"]
[Black "Gallardo Fernandez, Cesar"]
[Result "1-0"]
[WhiteElo "2241"]
[BlackElo "2201"]
[PlyCount "67"]
[EventDate "2012.11.30"]
[EventRounds "10"]
[EventCountry "ESP"]

1. e4 e5 2. Nf3 d6 3. d4 Nf6 4. Nc3 Nbd7 5. Bc4 Be7 6. O-O O-O 7. Re1 c6 8. a4
b6 9. Ba2 a6 10. h3 Qc7 11. Bg5 h6 12. Be3 b5 13. axb5 cxb5 14. Nh4 b4 15. Nd5
Nxd5 16. Bxd5 Bb7 17. Nf5 Nf6 18. dxe5 dxe5 19. Bxb7 Qxb7 20. Qf3 Kh7 21. Qg3
g6 22. Bxh6 Nxe4 23. Qg4 Nf6 24. Qh4 Nh5 25. Nxe7 Kxh6 26. g4 f6 27. Nxg6 Kxg6
28. Qxh5+ Kg7 29. Rad1 Rf7 30. Qf5 Rc8 31. h4 Rc4 32. h5 Kf8 33. Rd8+ Ke7 34.
Red1 1-0

[Event "XI GRAN TORNEO INTERNACIONAL AFICIONADOS"]
[Site "Benidorm (Alicante - SPAIN)"]
[Date "2012.12.07"]
[Round "9"]
[White "Jimenez Martinez, Jose Vicente"]
[Black "Ivanov, Borislav"]
[Result "1/2-1/2"]
[WhiteElo "2233"]
[BlackElo "2201"]
[PlyCount "105"]
[EventDate "2012.11.30"]
[EventRounds "10"]
[EventCountry "ESP"]

1. d4 Nf6 2. c4 g6 3. Nc3 d5 4. Nf3 Bg7 5. Bf4 O-O 6. e3 c5 7. dxc5 Qa5 8. Be2
dxc4 9. Qa4 Qxc5 10. Qxc4 Na6 11. O-O Be6 12. Qxc5 Nxc5 13. Nd4 Bg4 14. f3 Bd7
15. Be5 Rac8 16. Rfd1 Rfd8 17. Nb3 Nxb3 18. axb3 a6 19. b4 Be6 20. b5 axb5 21.
Bxb5 Nd5 22. Bxg7 Kxg7 23. Nxd5 Rxd5 24. Rxd5 Bxd5 25. Rd1 Rc5 26. Be2 Be6 27.
Rd2 Kf6 28. Kf2 g5 29. e4 Ke5 30. Ke3 f5 31. exf5 Bxf5 32. Rd4 Be6 33. Rb4 Bd5
34. h4 h6 35. hxg5 hxg5 36. Rg4 Kf6 37. Kd4 Rc2 38. Bd3 Rd2 39. Kxd5 Rxd3+ 40.
Kc4 Rd2 41. b4 e5 42. Kc5 Kf5 43. b5 e4 44. Rxe4 Rxg2 45. Re8 Rf2 46. Rf8+ Ke6
47. Rg8 Kf5 48. Rf8+ Ke6 49. Rg8 Kf5 50. Rf8+ Ke6 51. Rg8 Kf5 52. Rf8+ Ke6 53.
Kb6 1/2-1/2

[Event "XI GRAN TORNEO INTERNACIONAL AFICIONADOS"]
[Site "Benidorm (Alicante - SPAIN)"]
[Date "2012.12.07"]
[Round "9"]
[White "Goormachtigh, Johan"]
[Black "Diaz Velandia, Jose Manuel"]
[Result "1/2-1/2"]
[WhiteElo "2187"]
[BlackElo "2261"]
[PlyCount "22"]
[EventDate "2012.11.30"]
[EventRounds "10"]
[EventCountry "ESP"]

1. d4 d5 2. Nf3 Nf6 3. c4 e6 4. Nc3 c6 5. e3 Bd6 6. Bd3 Nbd7 7. O-O O-O 8. e4
dxc4 9. Bxc4 e5 10. Bg5 Qe7 11. d5 Nb6 1/2-1/2

[Event "XI GRAN TORNEO INTERNACIONAL AFICIONADOS"]
[Site "Benidorm (Alicante - SPAIN)"]
[Date "2012.12.07"]
[Round "9"]
[White "Bendayan Claros, Aaron"]
[Black "Cambando, Jose"]
[Result "1-0"]
[WhiteElo "2223"]
[BlackElo "2049"]
[PlyCount "64"]
[EventDate "2012.11.30"]
[EventRounds "10"]
[EventCountry "ESP"]

1. d4 Nf6 2. c4 d6 3. Nc3 Nbd7 4. e4 e5 5. d5 Nc5 6. f3 a5 7. Be3 Be7 8. Qd2
O-O 9. Nge2 c6 10. Rd1 Nfd7 11. g4 Bh4+ 12. Ng3 a4 13. Be2 Qa5 14. O-O Bxg3 15.
hxg3 cxd5 16. Nxd5 Qd8 17. Nc3 Ra6 18. Nb5 Ne6 19. Nxd6 Nd4 20. Nb5 Nxb5 21.
cxb5 Rg6 22. Kg2 Qe7 23. Qa5 Nf6 24. Qxa4 h5 25. g5 Nh7 26. Rh1 Nxg5 27. Rxh5
Ne6 28. Rdh1 f6 29. Qa3 Kf7 30. Bc4 Qxa3 31. bxa3 Ke7 32. Bxe6 Bxe6 1-0

[Event "XI GRAN TORNEO INTERNACIONAL AFICIONADOS"]
[Site "Benidorm (Alicante - SPAIN)"]
[Date "2012.12.07"]
[Round "9"]
[White "Tejero Royo, Fermin"]
[Black "Simon Padros, Emili"]
[Result "1/2-1/2"]
[WhiteElo "2133"]
[BlackElo "2214"]
[PlyCount "22"]
[EventDate "2012.11.30"]
[EventRounds "10"]
[EventCountry "ESP"]

1. f4 Nf6 2. Nf3 d6 3. e3 g6 4. d4 Bg7 5. Bd3 O-O 6. c3 Nbd7 7. e4 e5 8. fxe5
dxe5 9. O-O Qe7 10. Nbd2 c5 11. dxe5 Nxe5 1/2-1/2

[Event "XI GRAN TORNEO INTERNACIONAL AFICIONADOS"]
[Site "Benidorm (Alicante - SPAIN)"]
[Date "2012.12.07"]
[Round "9"]
[White "Alonso Alvarez, Aitor"]
[Black "Jordan Martinez, Miguel"]
[Result "0-1"]
[WhiteElo "2196"]
[BlackElo "2147"]
[PlyCount "88"]
[EventDate "2012.11.30"]
[EventRounds "10"]
[EventCountry "ESP"]

1. d4 Nf6 2. Nc3 e6 3. Bg5 d5 4. Nf3 Nbd7 5. Qd3 Be7 6. O-O-O O-O 7. h4 c5 8.
Bxf6 Nxf6 9. e4 dxe4 10. Nxe4 Qa5 11. Kb1 cxd4 12. Nfg5 Nxe4 13. Qxe4 Qf5 14.
Qxf5 exf5 15. Rxd4 h6 16. Nf3 Be6 17. Bb5 Rad8 18. Rhd1 Rxd4 19. Rxd4 Rd8 20.
Rxd8+ Bxd8 21. Nd4 Bxh4 22. Nxe6 fxe6 23. g3 Be7 24. Bc4 Kf7 25. Kc1 Bc5 26. f3
h5 27. Kd2 Bf2 28. g4 hxg4 29. fxg4 Kf6 30. Ke2 Bc5 31. Kf3 g6 32. a4 b6 33. c3
a5 34. b4 axb4 35. cxb4 Bxb4 36. Ke3 e5 37. Bd5 Bc5+ 38. Kd3 Bg1 39. Kc4 Bf2
40. Kb5 e4 41. gxf5 gxf5 42. a5 bxa5 43. Kxa5 Ke5 44. Bc6 Kd4 0-1

[Event "XI GRAN TORNEO INTERNACIONAL AFICIONADOS"]
[Site "Benidorm (Alicante - SPAIN)"]
[Date "2012.12.07"]
[Round "9"]
[White "Fuertes Romo, Jose Manuel"]
[Black "Arias Igual, Alejandro"]
[Result "1-0"]
[WhiteElo "2033"]
[BlackElo "2168"]
[PlyCount "46"]
[EventDate "2012.11.30"]
[EventRounds "10"]
[EventCountry "ESP"]

1. d4 e6 2. c4 Nf6 3. Nc3 c5 4. d5 d6 5. Nf3 e5 6. e4 g6 7. h3 Bg7 8. Bg5 h6 9.
Be3 O-O 10. Qd2 Kh7 11. g4 Ng8 12. Rg1 Na6 13. h4 f5 14. gxf5 gxf5 15. exf5
Bxf5 16. Bd3 Nb4 17. Bxf5+ Rxf5 18. a3 Rxf3 19. axb4 cxb4 20. Qd3+ Kh8 21. Qg6
Qf8 22. Ne4 Nf6 23. Nxd6 Rxe3+ 1-0

[Event "XI GRAN TORNEO INTERNACIONAL AFICIONADOS"]
[Site "Benidorm (Alicante - SPAIN)"]
[Date "2012.12.07"]
[Round "9"]
[White "Reyes Larenas, Luis"]
[Black "Benitez Fernandez, Martin Jesu"]
[Result "0-1"]
[WhiteElo "2198"]
[BlackElo "2026"]
[PlyCount "50"]
[EventDate "2012.11.30"]
[EventRounds "10"]
[EventCountry "ESP"]

1. e4 e5 2. Nf3 Nc6 3. Bb5 a6 4. Ba4 d6 5. c3 f5 6. exf5 Bxf5 7. d4 e4 8. Nfd2
d5 9. O-O Bd6 10. Re1 Nf6 11. Nf1 O-O 12. Bg5 Qe8 13. Bxf6 Rxf6 14. Ng3 Qg6 15.
Nxf5 Qxf5 16. Qe2 Raf8 17. Bb3 Rh6 18. h3 Ne7 19. Nd2 Kh8 20. Nf1 c6 21. Ne3
Qf4 22. g3 Qg5 23. Qg4 Qf6 24. Rf1 Rg6 25. Qe2 Qh4 0-1

[Event "XI GRAN TORNEO INTERNACIONAL AFICIONADOS"]
[Site "Benidorm (Alicante - SPAIN)"]
[Date "2012.12.07"]
[Round "9"]
[White "Pena Riasco, Alexander"]
[Black "Sanchez Dengra, Jose Maria"]
[Result "1/2-1/2"]
[WhiteElo "2176"]
[BlackElo "2059"]
[PlyCount "62"]
[EventDate "2012.11.30"]
[EventRounds "10"]
[EventCountry "ESP"]

1. e4 c5 2. Nf3 Nc6 3. d4 cxd4 4. Nxd4 e6 5. Nb5 d6 6. N1c3 a6 7. Nd4 Nf6 8. f4
Be7 9. Be2 O-O 10. Bf3 Qc7 11. Qd3 Bd7 12. Be3 b5 13. O-O Rac8 14. Rac1 Rfe8
15. Kh1 Nxd4 16. Bxd4 Bc6 17. e5 Nd7 18. exd6 Bxd6 19. Bxc6 Qxc6 20. Ne4 Bxf4
21. Rxf4 e5 22. Ng5 Qh6 23. Rxf7 exd4 24. Rxd7 Qxg5 25. Rd1 Qe3 26. h3 Qxd3 27.
Rxd3 Rxc2 28. R3xd4 Re1+ 29. Kh2 Ree2 30. Rg4 g6 31. h4 Rc4 1/2-1/2

[Event "XI GRAN TORNEO INTERNACIONAL AFICIONADOS"]
[Site "Benidorm (Alicante - SPAIN)"]
[Date "2012.12.07"]
[Round "9"]
[White "Martinez Tormo, Jorge"]
[Black "Vinal Gutierrez, Pedro"]
[Result "1-0"]
[WhiteElo "2155"]
[BlackElo "2011"]
[PlyCount "62"]
[EventDate "2012.11.30"]
[EventRounds "10"]
[EventCountry "ESP"]

1. e4 e6 2. d4 d5 3. e5 c5 4. c3 Nc6 5. Nf3 Qb6 6. Be2 cxd4 7. cxd4 Bd7 8. O-O
Nh6 9. Nc3 Nf5 10. Na4 Qc7 11. a3 Be7 12. g4 Nh6 13. h3 Ng8 14. Bf4 h5 15. g5
g6 16. h4 Bf8 17. Rc1 Nge7 18. b4 Qd8 19. Nc5 Rb8 20. b5 Na5 21. Qa4 b6 22. Na6
Rb7 23. Bd2 Nf5 24. Bb4 Nxh4 25. Nxh4 Qxg5+ 26. Ng2 Nc4 27. Bxc4 dxc4 28. Rxc4
h4 29. f4 Qg4 30. Qd1 Qg3 31. Qf3 Qxf3 1-0